Odrody a hybridy repky olejky ozimnej formy

Bibliographic Details
Main Author: Zubal, Pavel (Author)
Format: Article
Language:Slovak
PhysicalDescription:Tab.
ISSN:1335-440X
Subjects:

MARC

LEADER 00000nab a2200000 a 4500
001 vtls000890563
003 SK-MaSNL
005 20260302170503.0
008 041201c20041119xo wr|p|||||||000 b|slo
015 |a SNBRB2004/12  |2 snkbucl 
038 |a SNKBUCL 
040 |a SNKBUCL  |b slo  |c SNKBUCL  |e AACR2 
041 0 |a slo 
044 |a xo  |c SK 
080 |a 633.85"324"  |2 UDC-MRF-SK2 
080 |a 631.526.3  |2 UDC-MRF-SK2 
100 1 |a Zubal, Pavel  |4 aut  |9 5384 
245 1 0 |a Odrody a hybridy repky olejky ozimnej formy  |c Pavel Zubal 
300 |b Tab. 
650 0 7 |a ozimná repka olejka  |2 snkbucl  |9 872932 
650 0 7 |a odrody poľnohospodárskych plodín  |2 snkbucl  |9 29318 
773 0 |t Sme. Roľnícke noviny  |g Č. 267 (19.11.2004)  |x 1335-440X 
773 0 |i Príl.:  |t Roľnícke noviny  |g Č. 47 (19.11.2004), s. 11 
852 |a SNK  |b KIS3GCP 
999 |c 1393021  |d 1394951